Познавательное развитие. Ребёнок и окружающий мир (Запись № 13453450)

Подробности
000 -МАРКЕР
контрольное поле 02193nam0a2200385 4500
001 - ИДЕНТИФИКАТОР ЗАПИСИ
контрольное поле RU\NLR\BIBL_A\022569954
005 - ИДЕНТИФИКАТОР ВЕРСИИ
контрольное поле 20250711160649.0
010 ## - МЕЖДУНАРОДНЫЙ СТАНДАРТНЫЙ НОМЕР КНИГИ (ISBN)
Номер (ISBN) 978-5-09-124357-4
Тираж 500
021 ## - НОМЕР ГОСУДАРСТВЕННОЙ РЕГИСТРАЦИИ
Код страны Российская Федерация
Номер КН-П-25-023295
Номер Листа государственной регистраци КН-П-25-2338
035 ## - ДРУГИЕ СИСТЕМНЫЕ НОМЕРА
Идентификатор записи (NLR Aleph) 022569954
100 ## - ДАННЫЕ ОБЩЕЙ ОБРАБОТКИ
Данные общей обработки 20250619d2025 u y0rusy50 ca
101 0# - ЯЗЫК РЕСУРСА
Язык текста, звукозаписи и т.д. русский
102 ## - СТРАНА ПУБЛИКАЦИИ ИЛИ ПРОИЗВОДСТВА
Страна публикации Российская Федерация
105 ## - ПОЛЕ КОДИРОВАННЫХ ДАННЫХ: ТЕКСТОВЫЕ МАТЕРИАЛЫ, МОНОГРАФИЧЕСКИЕ
Кодированные данные о монографическом текстовом документе a j 000yy
181 #0 - ПОЛЕ КОДИРОВАННЫХ ДАННЫХ: ВИД СОДЕРЖАНИЯ
Код вида содержания (ISBD) i3
Код характеристики содержания (ISBD) axxe
182 #0 - ПОЛЕ КОДИРОВАННЫХ ДАННЫХ: ТИП СРЕДСТВА
Код типа средства (ISBD) n - непосредственное
200 1# - ЗАГЛАВИЕ И СВЕДЕНИЯ ОБ ОТВЕТСТВЕННОСТИ
Основное заглавие Познавательное развитие. Ребёнок и окружающий мир
Сведения, относящиеся к заглавию cредняя группа детского сада
-- методические рекомендации к программе "Мир открытий"
-- конспекты современных форм организации детских видов деятельности
Первые сведения об ответственности О. В. Бережкова, Л. Л. Тимофеева
Последующие сведения об ответственности [Институт системно-деятельностной педагогики]
203 ## - ВИД СОДЕРЖАНИЯ И ТИП СРЕДСТВА
Вид содержания Текст
Дополнительные сведения об издании визуальный
Тип средства непосредственный
205 ## - СВЕДЕНИЯ ОБ ИЗДАНИИ
Сведения об издании 5-е изд., стер.
210 ## - ПУБЛИКАЦИЯ, РАСПРОСТРАНЕНИЕ И ДР.
Место издания, распространения и т.д. Москва
Имя издателя, распространителя и т. д. Просвещение
Дата издания, распространения и т.д. 2025
215 ## - ФИЗИЧЕСКАЯ ХАРАКТЕРИСТИКА
Специфическое обозначение материала и объем 205, [1] с.
Другие сведения о физической характеристике табл.
Размеры 26
225 1# - СЕРИЯ
Основное заглавие серии Соответствует ФОП ДО
225 1# - СЕРИЯ
Основное заглавие серии Серия "Мир открытий"
225 1# - СЕРИЯ
Основное заглавие серии ФГОС ДО
320 ## - ПРИМЕЧАНИЯ О НАЛИЧИИ В ДОКУМЕНТЕ БИБЛИОГРАФИИ / УКАЗАТЕЛЯ
Текст примечания Библиогр.: с. 204-206 (37 назв.)
517 1# - ДРУГИЕ ВАРИАНТЫ ЗАГЛАВИЯ
Вариант заглавия Ребёнок и окружающий мир
606 1# - НАИМЕНОВАНИЕ ТЕМЫ КАК ПРЕДМЕТ
Наименование темы Дошкольники
Формальный подзаголовок Методические пособия
Тематический подзаголовок Ознакомление с окружающей жизнью
Географический подзаголовок Санкт-Петербург, город
Системный номер авторитетной/нормативной записи 2521818
Идентификатор авторитетной/нормативной записи RU\NLR\AUTH\661494305
686 1# - ИНДЕКСЫ ДРУГИХ КЛАССИФИКАЦИЙ
Индекс Ч411.387я8
700 #1 - ИМЯ ЛИЦА - ПЕРВИЧНАЯ ОТВЕТСТВЕННОСТЬ
Графика поля Кириллица
Материалы, к которым относится поле rus
Начальный элемент ввода Бережнова
Часть имени, кроме начального элемента ввода О. В.
Дополнения к именам, кроме дат канд. пед. наук, нач. и дошк. образование
Расширение инициалов личного имени Ольга Викторовна
Системный номер авторитетной/нормативной записи 240229
Идентификатор авторитетной/нормативной записи RU\NLR\AUTH\770240285
701 #1 - ИМЯ ЛИЦА - АЛЬТЕРНАТИВНАЯ ОТВЕТСТВЕННОСТЬ
Начальный элемент ввода Тимофеева
Часть имени, кроме начального элемента ввода Л. Л.
Дополнения к именам, кроме дат канд. филол. наук, английский язык
Расширение инициалов личного имени Лилия Леонидовна
Системный номер авторитетной/нормативной записи 126853
Идентификатор авторитетной/нормативной записи RU\NLR\AUTH\770126873
942 ## - ДОПОЛНИТЕЛЬНЫЕ ЭЛЕМЕНТЫ ЗАПИСИ (АБИС)
Тип экземпляра АБИС Книга
980 ## - КОЛЛЕКЦИЯ
Название коллекции Национальная библиография

Нет доступных экземпляров.